Histoire de russie

Bewaard in:
Bibliografische gegevens
Hoofdauteur: Klutchevsky, B (Auteur)
Formaat: Boek
Taal:Frans
Gepubliceerd in: París Gallimard 1956
Editie:2a. ed
Reeks:La Suite des Temps, 28
Onderwerpen:
Tags: Voeg label toe
Geen labels, Wees de eerste die dit record labelt!

MARC

LEADER 00000nam a2200000 a 4500
001 UCO1697
003 CL-VaPUC
008 000519e19560000FR |||||||||||||||||fre|d
082 0 4 |a 947  |b KLU  |2 21 
100 0 |a Klutchevsky, B  |e author  |9 444147 
245 1 0 |a Histoire de russie 
250 |a 2a. ed 
300 |a v 
942 |c BK 
945 |d 20000519 00:00:00  |a rherrera 
260 |a París  |b Gallimard  |c 1956 
500 |a v.1: Des Origines au XIV Siécle 
650 0 |a Historia de Rusia  |9 343091 
650 7 |a ORIGENES  |2 CL-VaPUC  |9 367418 
650 7 |a SIGLOS 1-15  |2 CL-VaPUC  |9 444148 
650 0 |a Geografía  |9 259346 
650 7 |a ESLAVOS  |2 CL-VaPUC  |9 436240 
651 0 |a Rusia   |9 256106 
583 |a last modification  |c 20000519 00:00:00  |k Rodrigo Vera 
490 0 |a La Suite des Temps, 28 
999 |c 288301  |d 288299 
952 |0 0  |1 0  |4 0  |6 947_000000000000000_KLU_1956  |7 0  |8 A  |9 335885  |a BIBHIS  |b BIBHIS  |d 2019-11-20  |h v.1  |i 128262K  |o 947 KLU 1956  |p 128262K  |r 2025-01-20  |w 2019-11-20  |y BK  |k HIS